[Event "4NCL Division 3 North"]
[Site "Bolton, ENG"]
[Date "2022.02.13"]
[Round "4.11"]
[White "Rawlinson, Aidan M"]
[Black "Shaw, Peter"]
[Result "1-0"]
[WhiteElo "2233"]
[BlackElo "2094"]
[PlyCount "57"]
[EventDate "2022.02.13"]
[WhiteTeam "Manchester Manticores 2"]
[BlackTeam "Chessable White Rose 3"]

1. d4 f5 2. g3 Nf6 3. Bg2 e6 4. Nf3 Be7 5. O-O O-O 6. c4 d6 7. Nc3 Ne4 8. Nxe4
fxe4 9. Nd2 d5 10. f3 Nc6 11. e3 exf3 12. Nxf3 Bf6 13. Bd2 Bd7 14. Qb3 Be8 15.
Rac1 Rb8 16. cxd5 exd5 17. Ne5 Ne7 18. Bb4 c6 19. Qa3 Ng6 20. Nxg6 Bxg6 21.
Bxf8 Qxf8 22. Qxa7 Bd3 23. Rfd1 Ba6 24. Qc5 Qe8 25. Re1 Bg5 26. Bxd5+ Kh8 27.
Bg2 Bxe3+ 28. Kh1 Qe6 29. Qa3 1-0

[Event "4NCL Division 3 North"]
[Site "Bolton, ENG"]
[Date "2022.02.13"]
[Round "4.12"]
[White "Edwards-Wright, Miles D"]
[Black "Hymer, Barry"]
[Result "1/2-1/2"]
[WhiteElo "2074"]
[BlackElo "1951"]
[PlyCount "38"]
[EventDate "2022.02.13"]
[WhiteTeam "Chessable White Rose 3"]
[BlackTeam "Manchester Manticores 2"]

1. g3 e5 2. Bg2 Nf6 3. d3 c5 4. c4 d5 5. cxd5 Nxd5 6. Nc3 Be6 7. Nf3 Nc6 8. Ng5
Be7 9. Nxe6 fxe6 10. Qb3 Nd4 11. Qd1 O-O 12. O-O Kh8 13. e3 Nc6 14. Nxd5 exd5
15. Qb3 c4 16. Qxb7 Nb4 17. dxc4 Rb8 18. Qxa7 Ra8 19. Qb7 Rb8 1/2-1/2

[Event "4NCL Division 3 North"]
[Site "Bolton, ENG"]
[Date "2022.02.13"]
[Round "4.13"]
[White "Trueman, Glenn"]
[Black "Wills, Tom"]
[Result "1/2-1/2"]
[WhiteElo "1923"]
[BlackElo "1923"]
[PlyCount "56"]
[EventDate "2022.02.13"]
[WhiteTeam "Manchester Manticores 2"]
[BlackTeam "Chessable White Rose 3"]

1. d4 d5 2. c4 c6 3. cxd5 cxd5 4. Bf4 Nc6 5. Nc3 Bf5 6. Nf3 e6 7. e3 a6 8. Bd3
Bxd3 9. Qxd3 Nf6 10. O-O Be7 11. h3 O-O 12. Ne5 Nxe5 13. Bxe5 Nd7 14. Bg3 Rc8
15. Rfc1 Nb6 16. Rc2 Rc6 17. Nd1 Nc4 18. Rac1 Qb6 19. b3 Na5 20. Nb2 Rxc2 21.
Rxc2 Nc6 22. Na4 Qa5 23. Qc3 Bb4 24. Qb2 Qd8 25. a3 Bd6 26. Bxd6 Qxd6 27. Nc5
Qc7 28. b4 Na7 1/2-1/2

[Event "4NCL Division 3 North"]
[Site "Bolton, ENG"]
[Date "2022.02.13"]
[Round "4.14"]
[White "Slinger, Tony J"]
[Black "Jones, Neil T"]
[Result "1/2-1/2"]
[WhiteElo "1928"]
[BlackElo "1795"]
[PlyCount "103"]
[EventDate "2022.02.13"]
[WhiteTeam "Chessable White Rose 3"]
[BlackTeam "Manchester Manticores 2"]

1. c4 e5 2. Nc3 Bb4 3. Qc2 Nc6 4. e3 Nf6 5. Nd5 Be7 6. a3 a5 7. b3 d6 8. Bb2
O-O 9. d3 Be6 10. Nxe7+ Qxe7 11. Nf3 Bf5 12. Nh4 Bd7 13. Nf3 Rfe8 14. Be2 b6
15. O-O Nd8 16. b4 Ne6 17. Bc3 axb4 18. axb4 Bc6 19. Qb2 e4 20. Nd2 exd3 21.
Bxd3 Nf8 22. Rxa8 Rxa8 23. Ra1 Rxa1+ 24. Qxa1 Ng6 25. Bxf6 Qxf6 26. Qxf6 gxf6
27. f4 d5 28. Kf2 dxc4 29. Bxc4 Ne7 30. e4 f5 31. e5 Nd5 32. b5 Bb7 33. g3 Kg7
34. Nb3 Nc3 35. Nd4 Be4 36. e6 fxe6 37. Nxe6+ Kf6 38. Nxc7 Ke7 39. Ke3 Kd6 40.
Kd4 Kxc7 41. Kxc3 Kd6 42. Kd4 Bb7 43. Bd3 Bc8 44. g4 fxg4 45. Bxh7 Bd7 46. Bd3
Ke6 47. Ke4 Kf6 48. Kd5 Bxb5 49. Bxb5 Kf5 50. Kc6 Kxf4 51. Kxb6 g3 52. hxg3+
1/2-1/2

[Event "4NCL Division 3 North"]
[Site "Bolton, ENG"]
[Date "2022.02.13"]
[Round "4.15"]
[White "Hutchinson, Joel"]
[Black "Donahue, Randolph E"]
[Result "1/2-1/2"]
[WhiteElo "1870"]
[BlackElo "1805"]
[PlyCount "88"]
[EventDate "2022.02.13"]
[WhiteTeam "Manchester Manticores 2"]
[BlackTeam "Chessable White Rose 3"]

1. e4 e5 2. Nf3 Nf6 3. Nxe5 d6 4. Nf3 Nxe4 5. Qe2 Qe7 6. d3 Nf6 7. Bg5 Nbd7 8.
Nc3 Qxe2+ 9. Bxe2 h6 10. Bh4 Be7 11. O-O-O Nb6 12. h3 Bd7 13. Nd4 O-O-O 14. Bf3
Nfd5 15. Bxe7 Nxe7 16. Rde1 Rde8 17. Re2 Ng6 18. g3 Rxe2 19. Ncxe2 Re8 20. Nc3
Ne5 21. Bg2 a6 22. f4 Nc6 23. Nxc6 Bxc6 24. Bxc6 bxc6 25. Kd2 Kd7 26. Rh2 d5
27. Re2 Re6 28. b3 Kd6 29. Nd1 Rxe2+ 30. Kxe2 d4 31. Nb2 Kc5 32. a3 Kd5 33. Kf3
f5 34. Nd1 Ke6 35. Nf2 Nd5 36. Nd1 g6 37. h4 h5 38. Ke2 Kd6 39. Kd2 c5 40. Nb2
Nb6 41. Nc4+ Nxc4+ 42. dxc4 a5 43. c3 dxc3+ 44. Kxc3 Kc6 1/2-1/2

[Event "4NCL Division 3 North"]
[Site "Bolton, ENG"]
[Date "2022.02.13"]
[Round "4.21"]
[White "Bak, Christopher"]
[Black "Livesey, R Nigel"]
[Result "1/2-1/2"]
[WhiteElo "2017"]
[BlackElo "1866"]
[PlyCount "94"]
[EventDate "2022.02.13"]
[WhiteTeam "Bradford DCA Knights A"]
[BlackTeam "Manchester Manticores 3"]

1. c4 Nf6 2. Nc3 c6 3. e4 e5 4. Nf3 d6 5. d4 Nbd7 6. Be2 Be7 7. O-O O-O 8. Re1
Qa5 9. Bf1 Re8 10. Bg5 Qc7 11. Qd2 Nf8 12. h3 Ng6 13. Rad1 Rd8 14. Qc1 Bd7 15.
b3 Re8 16. Qb2 Rad8 17. Na4 Bc8 18. Be3 exd4 19. Bxd4 c5 20. Bc3 b6 21. e5 dxe5
22. Rxd8 Rxd8 23. Nxe5 Nf4 24. Qc1 Ne6 25. Qe3 Bd6 26. Bd3 Re8 27. Ng4 Nxg4 28.
hxg4 Bd7 29. Qh3 g6 30. Qf3 Nd4 31. Rxe8+ Bxe8 32. Qa8 Kf8 33. Bb2 Qe7 34. Qe4
Qh4 35. Bxd4 Bxa4 36. g3 Qh3 37. Bf6 Be8 38. Bg5 h5 39. Be2 hxg4 40. Bxg4 Qh8
41. Qb7 Qd4 42. Bh6+ Kg8 43. Qc8 Qe4 44. Bd7 Qe1+ 45. Kg2 Qe4+ 46. Kh2 Qh4+ 47.
Kg2 Qe4+ 1/2-1/2

[Event "4NCL Division 3 North"]
[Site "Bolton, ENG"]
[Date "2022.02.13"]
[Round "4.22"]
[White "Taylor, Mark"]
[Black "Nicholson, Jim W R"]
[Result "0-1"]
[WhiteElo "1838"]
[BlackElo "1961"]
[PlyCount "40"]
[EventDate "2022.02.13"]
[WhiteTeam "Manchester Manticores 3"]
[BlackTeam "Bradford DCA Knights A"]

1. e4 c6 2. d4 d5 3. Nc3 dxe4 4. Nxe4 Nf6 5. Ng3 h5 6. Bc4 h4 7. N3e2 Bf5 8. a4
e6 9. c3 Bd6 10. h3 Qc7 11. Qb3 Be4 12. Nf3 Bxf3 13. gxf3 Nbd7 14. Rg1 Nb6 15.
Rxg7 Nxc4 16. Qxc4 Nh5 17. Rg4 O-O-O 18. Bg5 Rdg8 19. O-O-O Rxg5 20. Rxh4 Rhg8
0-1

[Event "4NCL Division 3 North"]
[Site "Bolton, ENG"]
[Date "2022.02.13"]
[Round "4.23"]
[White "Wedge, David C"]
[Black "Jayawarna, Tarini"]
[Result "1/2-1/2"]
[WhiteElo "1918"]
[BlackElo "1676"]
[PlyCount "54"]
[EventDate "2022.02.13"]
[WhiteTeam "Bradford DCA Knights A"]
[BlackTeam "Manchester Manticores 3"]

1. e4 e6 2. d4 d5 3. Nc3 Bb4 4. e5 c5 5. a3 Bxc3+ 6. bxc3 Qa5 7. Bd2 Qa4 8. Nf3
c4 9. Be2 Nc6 10. O-O Bd7 11. Nh4 O-O-O 12. f4 f6 13. exf6 Nxf6 14. Nf3 Rdf8
15. Ne5 Nxe5 16. dxe5 Ne4 17. Bf3 Nxd2 18. Qxd2 h5 19. h4 Be8 20. Rfb1 Bg6 21.
Ra2 Rf7 22. Rb4 Qc6 23. Qd4 Kb8 24. g3 Rc8 25. Kf2 Qc5 26. Ke3 Ka8 27. a4 Qxd4+
1/2-1/2

[Event "4NCL Division 3 North"]
[Site "Bolton, ENG"]
[Date "2022.02.13"]
[Round "4.24"]
[White "Jayawarna, Thisumi"]
[Black "McCarthy, Damian"]
[Result "1/2-1/2"]
[WhiteElo "1724"]
[BlackElo "1862"]
[PlyCount "97"]
[EventDate "2022.02.13"]
[WhiteTeam "Manchester Manticores 3"]
[BlackTeam "Bradford DCA Knights A"]

1. e4 c5 2. Nf3 e6 3. d4 cxd4 4. Nxd4 Nc6 5. Nb5 d6 6. c4 Nf6 7. N1c3 a6 8. Na3
Be7 9. Be2 O-O 10. O-O b6 11. Be3 Bb7 12. f3 Ne5 13. Qe1 Ned7 14. Qf2 Qc7 15.
Rfd1 Rac8 16. Nc2 Kh8 17. Rd2 Rg8 18. Rad1 g5 19. h3 Nh5 20. Na4 Nc5 21. Nxc5
bxc5 22. Kh1 Nf4 23. Ne1 Rcd8 24. Nd3 e5 25. Bxf4 gxf4 26. Qe1 a5 27. Rc2 Bc8
28. Qc3 Rg7 29. a3 Rdg8 30. Bf1 Bd8 31. Qe1 Qe7 32. Qf2 Rg3 33. Rcd2 Qf8 34.
Nxe5 Bf6 35. Ng4 Bh4 36. Qe2 h5 37. Rd5 Bg5 38. Nf2 Rg6 39. e5 Bb7 40. Rxd6 Qg7
41. Rxg6 Qxg6 42. Ne4 Bxe4 43. Qxe4 Qxe4 44. fxe4 f3 45. gxf3 Rxf3 46. Bg2 Rb3
47. Rf1 Kg7 48. Rf2 Bc1 49. Bf3 1/2-1/2

[Event "4NCL Division 3 North"]
[Site "Bolton, ENG"]
[Date "2022.02.13"]
[Round "4.25"]
[White "Johnson, Paul A"]
[Black "Grindrod, John"]
[Result "1/2-1/2"]
[WhiteElo "1836"]
[BlackElo "1655"]
[PlyCount "106"]
[EventDate "2022.02.13"]
[WhiteTeam "Bradford DCA Knights A"]
[BlackTeam "Manchester Manticores 3"]

1. d4 e6 2. Nf3 d5 3. e3 Nf6 4. Bd3 g6 5. Nbd2 Bg7 6. b3 Nbd7 7. Bb2 O-O 8. Qe2
a6 9. O-O-O b5 10. Ne5 c5 11. Nxd7 Nxd7 12. dxc5 Nxc5 13. Bxg7 Nxd3+ 14. Qxd3
Kxg7 15. f4 Qf6 16. Qd4 Qxd4 17. exd4 Bd7 18. Nf3 f6 19. Rd3 Rac8 20. Kd2 Rc7
21. Rc1 Rfc8 22. c3 Kf7 23. g3 h6 24. Ne1 a5 25. Re3 h5 26. Nd3 Re8 27. Rce1
Bc8 28. Nc5 Rce7 29. h4 Kg7 30. Kd3 Kf7 31. a4 bxa4 32. bxa4 Kg7 33. Rb1 e5 34.
Rb5 Bf5+ 35. Kd2 exf4 36. Rxe7+ Rxe7 37. gxf4 Ra7 38. Nb3 Bd7 39. Rxd5 Bxa4 40.
Rxa5 Rxa5 41. Nxa5 g5 42. fxg5 fxg5 43. hxg5 Kg6 44. Ke3 Kxg5 45. c4 h4 46. c5
Kf5 47. Nc4 h3 48. Nd6+ Ke6 49. Ne4 h2 50. Nf2 Bc6 51. Kd3 h1=Q 52. Nxh1 Bxh1
53. Kc4 Bc6 1/2-1/2

[Event "4NCL Division 3 North"]
[Site "Bolton, ENG"]
[Date "2022.02.13"]
[Round "4.26"]
[White "Wilson, Jeff"]
[Black "Patrick, David A"]
[Result "1-0"]
[WhiteElo "1455"]
[BlackElo "1813"]
[PlyCount "60"]
[EventDate "2022.02.13"]
[WhiteTeam "Manchester Manticores 3"]
[BlackTeam "Bradford DCA Knights A"]

1. e4 e6 2. b3 d5 3. Bb2 Nf6 4. exd5 exd5 5. Nc3 Be7 6. h3 O-O 7. Bd3 Re8 8.
Nge2 Nc6 9. a3 Ne5 10. O-O Nxd3 11. cxd3 c6 12. Nf4 Bd6 13. Qf3 Qc7 14. Nce2
Be5 15. d4 Bd6 16. Nd3 Ne4 17. Rad1 Re6 18. Ndc1 Qe7 19. b4 Ng5 20. Qd3 Rg6 21.
Ng3 Qc7 22. Rde1 Be6 23. Nce2 Bd7 24. f4 Nxh3+ 25. gxh3 Bxh3 26. f5 Bxf1 27.
fxg6 hxg6 28. Rxf1 Re8 29. Qf3 f5 30. Nf4 Re4 1-0

[Event "4NCL Division 3 North"]
[Site "Bolton, ENG"]
[Date "2022.02.13"]
[Round "4.31"]
[White "Collinson, Mark I"]
[Black "Mitchell, Martin"]
[Result "0-1"]
[WhiteElo "2032"]
[BlackElo "2186"]
[PlyCount "82"]
[EventDate "2022.02.13"]
[WhiteTeam "Hull & East Riding Tigers"]
[BlackTeam "Spirit of Atticus"]

1. d4 Nf6 2. g3 e6 3. Bg2 d5 4. c4 dxc4 5. Nf3 a6 6. O-O Nc6 7. Ne5 Nxe5 8.
dxe5 Nd5 9. e4 Nb4 10. Nd2 b5 11. Nf3 Qxd1 12. Rxd1 Bb7 13. Ne1 Bc5 14. a3 Nc6
15. Nf3 Na5 16. Nd2 O-O-O 17. Re1 Bd4 18. Nf3 Nb3 19. Ra2 Nxc1 20. Rxc1 Bxe4
21. Ng5 Bxg2 22. Kxg2 Rd7 23. a4 Kb7 24. Nf3 Bb6 25. Raa1 Rhd8 26. Rc2 h6 27.
Rb1 Rd1 28. Rxd1 Rxd1 29. g4 Ra1 30. axb5 axb5 31. g5 Ra2 32. gxh6 gxh6 33. Kg3
c3 34. Rxc3 Rxb2 35. Kg4 Rxf2 36. Kh5 b4 37. Rd3 c5 38. Rd7+ Kc6 39. Rxf7 c4
40. Rf6 Rxf3 41. Rxf3 c3 0-1

[Event "4NCL Division 3 North"]
[Site "Bolton, ENG"]
[Date "2022.02.13"]
[Round "4.32"]
[White "Crocker, Philip J"]
[Black "Ciuravin, Andrei"]
[Result "0-1"]
[WhiteElo "2093"]
[BlackElo "2063"]
[PlyCount "29"]
[EventDate "2022.02.13"]
[WhiteTeam "Spirit of Atticus"]
[BlackTeam "Hull & East Riding Tigers"]

1. d4 f5 2. g3 Nf6 3. Bg2 e6 4. Nf3 d5 5. O-O Bd6 6. c4 c6 7. Nc3 O-O 8. Qc2
Qe7 9. Bg5 h6 10. Bf4 Ne4 11. Bxd6 Qxd6 12. c5 Qc7 13. e3 Nd7 14. b4 e5 15.
dxe5 Nxe5 16. Nd4 Bd7 17. Nce2 Nc4 18. Nf4 Rae8 19. Rad1 a5 20. b5 Rf6 21. b6
Qe5 22. Nd3 Qe7 23. Rc1 Nxc5 24. Nb2 Nxb2 25. Qxc5 Qxc5 26. Rxc5 Ra8 27. Rb1
Nc4 28. Rxd5 cxd5 29. Bxd5+ Kh7 30. Bxc4 a4 31. a3 Rd6 32. Rb4 Rf8 33. Bb5 Bxb5
34. Rxb5 g6 35. Ra5 Rxb6 36. Rxa4 Rf7 37. Rc4 Kg7 38. h4 Kf6 39. a4 Re7 40. Kg2
Rb2 41. Kf3 g5 42. hxg5+ hxg5 43. Rc5 g4+ 44. Kg2 Re5 45. Rc8 Ra2 46. Rf8+ Kg6
47. Rg8+ Kf7 48. Rb8 Rb2 49. Nb5 Rxe3 50. Nd6+ Kf6 51. Rxb7 Rxb7 52. Nxb7 Ra3
53. a5 Ra1 54. Nd6 Rxa5 55. Nc4 Ra2 56. Ne3 Ra1 57. Nc2 Rc1 58. Ne3 Kg5 59. Nf1
Kf6 60. Ne3 Ke5 61. Nf1 Ke4 62. Nd2+ Kd3 63. Nf1 Re1 64. Nh2 Re8 65. Nf1 Ke2
66. Nh2 Ke1 67. f4 Re2+ 68. Kg1 Rxh2 69. Kxh2 Kf2 70. Kh1 Kxg3 0-1

[Event "4NCL Division 3 North"]
[Site "Bolton, ENG"]
[Date "2022.02.13"]
[Round "4.33"]
[White "Gardiner, Eric D"]
[Black "Carleton, John J"]
[Result "1/2-1/2"]
[WhiteElo "2049"]
[BlackElo "2193"]
[PlyCount "70"]
[EventDate "2022.02.13"]
[WhiteTeam "Hull & East Riding Tigers"]
[BlackTeam "Spirit of Atticus"]

1. e4 c6 2. Nc3 d5 3. Nf3 dxe4 4. Nxe4 Nf6 5. Qe2 Na6 6. d4 Qd5 7. Nc3 Qh5 8.
Ne5 Qxe2+ 9. Bxe2 Nb4 10. Bd3 Nxd3+ 11. cxd3 g6 12. O-O Bg7 13. Re1 Be6 14. Ne4
Rd8 15. Nc5 Bc8 16. Be3 O-O 17. a4 Nd5 18. Bd2 b6 19. Nb3 Bb7 20. a5 Bxe5 21.
dxe5 c5 22. axb6 axb6 23. Ra7 Bc6 24. Bg5 Ra8 25. Rea1 Rxa7 26. Rxa7 Ra8 27.
Rxa8+ Bxa8 28. Nd2 f6 29. exf6 exf6 30. Be3 Nxe3 31. fxe3 Bd5 32. e4 Be6 33.
Kf2 Kf7 34. Ke3 Ke7 35. d4 cxd4+ 1/2-1/2

[Event "4NCL Division 3 North"]
[Site "Bolton, ENG"]
[Date "2022.02.13"]
[Round "4.34"]
[White "Jackson, Sheila"]
[Black "Vleeshhouwer, Douglas"]
[Result "1/2-1/2"]
[WhiteElo "2095"]
[BlackElo "2100"]
[PlyCount "66"]
[EventDate "2022.02.13"]
[WhiteTeam "Spirit of Atticus"]
[BlackTeam "Hull & East Riding Tigers"]

1. e4 d6 2. d4 Nf6 3. Nc3 Nbd7 4. Nf3 e5 5. Bc4 Be7 6. O-O O-O 7. dxe5 dxe5 8.
Qe2 c6 9. a4 a5 10. h3 Qc7 11. Nh4 Nb6 12. Bb3 Be6 13. Bxe6 fxe6 14. Nf3 Rae8
15. Be3 Nfd7 16. Ng5 Bb4 17. Na2 Bc5 18. b3 Qd6 19. Rad1 Qe7 20. Nf3 Nf6 21.
Nxe5 Nxe4 22. Bxc5 Nxc5 23. Qd2 Rf5 24. Ng4 Nd5 25. Nc3 Qg5 26. Qxg5 Rxg5 27.
Ne2 h5 28. Nh2 Re5 29. Rfe1 g6 30. Nf3 Rxe2 31. Rxe2 Nc3 32. Red2 Nxd1 33. Rxd1
Kg7 1/2-1/2

[Event "4NCL Division 3 North"]
[Site "Bolton, ENG"]
[Date "2022.02.13"]
[Round "4.35"]
[White "Thompson, Keith"]
[Black "Ackley, Peter J E"]
[Result "0-1"]
[WhiteElo "1944"]
[BlackElo "1996"]
[PlyCount "90"]
[EventDate "2022.02.13"]
[WhiteTeam "Hull & East Riding Tigers"]
[BlackTeam "Spirit of Atticus"]

1. e4 d6 2. d4 Nf6 3. Nc3 g6 4. Nf3 Bg7 5. Be2 O-O 6. O-O c6 7. a4 Qc7 8. h3
Nbd7 9. a5 e5 10. dxe5 dxe5 11. Bc4 Nc5 12. Qe2 Nh5 13. Be3 Ne6 14. Bxe6 Bxe6
15. Ng5 Bc8 16. Rfd1 h6 17. Nf3 Nf4 18. Bxf4 exf4 19. Qd2 Be6 20. Qd6 Qxd6 21.
Rxd6 Rfd8 22. Rad1 Rxd6 23. Rxd6 Bf8 24. Rd1 Bb4 25. a6 b6 26. Ne5 Bxc3 27.
bxc3 c5 28. Rd6 Kg7 29. f3 Kf6 30. Nc6 Kg7 31. Ne5 Rc8 32. Kf2 Kf6 33. Nc6 Rc7
34. Nd8 Rd7 35. Nb7 Ke7 36. e5 Bc4 37. Rxd7+ Kxd7 38. Nd6 Bxa6 39. Nxf7 Ke6 40.
Nd8+ Kxe5 41. Ke1 Bb5 42. Nf7+ Kf6 43. Nd6 Bd7 44. c4 Ke5 45. Ne4 Bf5 0-1

[Event "4NCL Division 3 North"]
[Site "Bolton, ENG"]
[Date "2022.02.13"]
[Round "4.36"]
[White "Latham, David"]
[Black "Varley, Joe"]
[Result "1-0"]
[WhiteElo "2085"]
[BlackElo "1969"]
[PlyCount "63"]
[EventDate "2022.02.13"]
[WhiteTeam "Spirit of Atticus"]
[BlackTeam "Hull & East Riding Tigers"]

1. d4 Nf6 2. Nf3 g6 3. g3 Bg7 4. Bg2 O-O 5. c4 d5 6. cxd5 Nxd5 7. O-O Nc6 8. e4
Nb6 9. d5 Na5 10. Na3 c6 11. Qd2 Nac4 12. Nxc4 Nxc4 13. Qb4 cxd5 14. exd5 Qc7
15. Bf4 a5 16. Qb3 Qc5 17. Rac1 b5 18. Be3 Qd6 19. Bf4 Qd7 20. a4 Nxb2 21. Be5
Nxa4 22. Rc7 Qd8 23. Rfc1 Ba6 24. Bxg7 Kxg7 25. Nd4 Rb8 26. Qe3 Rb6 27. Rxe7 b4
28. Rcc7 Bc8 29. Qe5+ Kg8 30. Nc6 Qxc7 31. Rxc7 b3 32. Ne7# 1-0

[Event "4NCL Division 3 North"]
[Site "Bolton, ENG"]
[Date "2022.02.13"]
[Round "4.41"]
[White "Surtees, Mike J"]
[Black "Bramson, Mike"]
[Result "0-1"]
[WhiteElo "2140"]
[BlackElo "1804"]
[PlyCount "88"]
[EventDate "2022.02.13"]
[WhiteTeam "Bolton"]
[BlackTeam "Bradford DCA Knights B"]

1. e4 e5 2. d3 Nc6 3. f4 d5 4. exd5 Qxd5 5. Nc3 Qa5 6. a3 Nf6 7. fxe5 Qxe5+ 8.
Nge2 Bd6 9. Bf4 Qe7 10. Qd2 O-O 11. h3 Bxf4 12. Qxf4 Be6 13. g3 Rfe8 14. Rh2
Rad8 15. Rf2 Nd5 16. Nxd5 Rxd5 17. Bg2 Rf5 18. Qe3 Re5 19. Qd2 Nd4 20. O-O-O
Rxe2 21. Rxe2 Qc5 22. Qe1 Nxe2+ 23. Qxe2 Qg5+ 24. Qd2 Qxg3 25. Bxb7 Rb8 26. Bg2
Bxh3 27. Bxh3 Qxh3 28. Qf4 Qd7 29. Rg1 Qd6 30. Qg4 g6 31. Rf1 Re8 32. Kb1 Kg7
33. Qc4 Re7 34. Qc3+ Qe5 35. d4 Qe3 36. Qc5 a6 37. Rd1 h5 38. Qc4 Qe2 39. Rd3
Re3 40. Qxa6 Rxd3 41. cxd3 h4 42. Qc8 Qxd3+ 43. Ka1 Qg3 44. d5 h3 0-1

[Event "4NCL Division 3 North"]
[Site "Bolton, ENG"]
[Date "2022.02.13"]
[Round "4.42"]
[White "Colledge, Dave"]
[Black "Sakic, Lorand"]
[Result "0-1"]
[WhiteElo "1799"]
[BlackElo "1996"]
[PlyCount "146"]
[EventDate "2022.02.13"]
[WhiteTeam "Bradford DCA Knights B"]
[BlackTeam "Bolton"]

1. d4 Nf6 2. c4 e5 3. dxe5 Ng4 4. e4 Nxe5 5. Nf3 Qf6 6. Nxe5 Qxe5 7. Qc2 Nc6 8.
Nc3 Bb4 9. Bd2 O-O 10. Bd3 d6 11. O-O Be6 12. Rad1 Qh5 13. Nd5 Nd4 14. Nf4 Qg4
15. f3 Nxc2 16. fxg4 Bxd2 17. Nxe6 fxe6 18. Bxc2 Be3+ 19. Kh1 e5 20. Bd3 Bd4
21. b3 a5 22. Rxf8+ Rxf8 23. Rf1 Ra8 24. a4 Rf8 25. Rxf8+ Kxf8 26. g3 Ke7 27.
Kg2 Kd7 28. Kf3 Kc6 29. h4 Kc5 30. h5 Kb4 31. Bc2 Kc3 32. Bd1 Kd2 33. Be2 Kc2
34. c5 Bxc5 35. Bc4 h6 36. g5 Ba3 37. Kg4 Bc1 38. gxh6 gxh6 39. Kf5 Kc3 40. Kg4
Kd4 41. Kf3 c6 42. Be6 b5 43. axb5 cxb5 44. Bd7 Kc5 45. Ke2 Kb4 46. Kd1 Be3 47.
Kc2 a4 48. bxa4 bxa4 49. Kb2 Bf2 50. g4 Bh4 51. Be6 Be7 52. Bd5 Bg5 53. Be6 Be7
54. Bd5 Bf8 55. Ka2 Be7 56. Kb2 Bd8 57. Ka2 Bb6 58. Kb2 Bd4+ 59. Ka2 Be3 60.
Be6 Bc1 61. Kb1 Bg5 62. Ka2 Kc3 63. Ka3 Kd4 64. Bd5 Ke3 65. Kxa4 Kf4 66. Kb5
Kxg4 67. Bf7 Kf4 68. Bd5 Kg4 69. Bf7 d5 70. Bxd5 Kxh5 71. Kc5 Kg4 72. Kd6 Bf4
73. Be6+ Kh4 0-1

[Event "4NCL Division 3 North"]
[Site "Bolton, ENG"]
[Date "2022.02.13"]
[Round "4.43"]
[White "Sakic, Simeon"]
[Black "Winter, Kevin"]
[Result "1-0"]
[WhiteElo "1982"]
[BlackElo "1695"]
[PlyCount "51"]
[EventDate "2022.02.13"]
[WhiteTeam "Bolton"]
[BlackTeam "Bradford DCA Knights B"]

1. e4 d6 2. d4 Nf6 3. Nc3 Nbd7 4. f4 e5 5. Nf3 exd4 6. Nxd4 g6 7. Bc4 Bg7 8.
O-O O-O 9. f5 Ne5 10. Bb3 c6 11. fxg6 hxg6 12. Bg5 b5 13. a3 a5 14. Kh1 Rb8 15.
Nxc6 Nxc6 16. Nd5 Nxd5 17. Bxd8 Ne3 18. Qxd6 Bb7 19. Bg5 Nxf1 20. Rxf1 Ne5 21.
Bf6 Nc4 22. Bxc4 bxc4 23. Bxg7 Kxg7 24. Qf6+ Kg8 25. Rf4 Rbd8 26. h3 1-0

[Event "4NCL Division 3 North"]
[Site "Bolton, ENG"]
[Date "2022.02.13"]
[Round "4.44"]
[White "Dean, Robert A"]
[Black "McElvenny, Damien"]
[Result "1-0"]
[WhiteElo "1723"]
[BlackElo "1856"]
[PlyCount "69"]
[EventDate "2022.02.13"]
[WhiteTeam "Bradford DCA Knights B"]
[BlackTeam "Bolton"]

1. e4 c5 2. f4 d6 3. Nc3 e6 4. Nf3 Nf6 5. Bb5+ Bd7 6. Bxd7+ Qxd7 7. d3 Be7 8.
O-O O-O 9. Qe1 Nc6 10. Qg3 Rad8 11. f5 exf5 12. Bh6 Ne8 13. Nd5 Qe6 14. Bg5 f6
15. Bd2 fxe4 16. Nf4 Qd7 17. dxe4 Ne5 18. Nh4 Rf7 19. Nf5 Kh8 20. Nd5 Bf8 21.
Rf4 g5 22. Rf2 Nc7 23. Nxc7 Qxc7 24. Ne3 Qd7 25. Raf1 Bg7 26. Nf5 Qe6 27. Nxg7
Kxg7 28. Bxg5 fxg5 29. Qxg5+ Qg6 30. Qxd8 h5 31. Rxf7+ Nxf7 32. Qd7 h4 33. Qf5
Ne5 34. Qf8+ Kh7 35. Qe7+ 1-0

[Event "4NCL Division 3 North"]
[Site "Bolton, ENG"]
[Date "2022.02.13"]
[Round "4.45"]
[White "Doherty, Paul"]
[Black "Tait, Bill"]
[Result "0-1"]
[WhiteElo "1753"]
[BlackElo "1640"]
[PlyCount "101"]
[EventDate "2022.02.13"]
[WhiteTeam "Bolton"]
[BlackTeam "Bradford DCA Knights B"]

1. d4 d5 2. c4 c6 3. Nc3 Nf6 4. Nf3 Nbd7 5. Bf4 e6 6. e3 dxc4 7. Bxc4 Nh5 8.
Bg5 Be7 9. Bxe7 Qxe7 10. Qc2 Nhf6 11. O-O O-O 12. Rad1 Nb6 13. Bd3 Nbd5 14. a3
h6 15. Ne5 Nd7 16. Ne2 Nxe5 17. dxe5 Bd7 18. e4 Nb6 19. f4 Rad8 20. Ng3 Kh8 21.
Rde1 Be8 22. f5 f6 23. exf6 Rxf6 24. e5 Rf8 25. fxe6 Nd5 26. Nf5 Qxe6 27. Nd4
Rxf1+ 28. Rxf1 Qe7 29. Qf2 Bd7 30. Qg3 g5 31. Nf5 Bxf5 32. Bxf5 Qc5+ 33. Kh1
Ne3 34. Qh3 Kg7 35. Re1 Qxe5 36. Bb1 Ng4 37. Qg3 Qxg3 38. hxg3 Rd2 39. b4 Kf6
40. Rf1+ Ke5 41. Re1+ Kd4 42. Re4+ Kc3 43. Rxg4 Rd1+ 44. Kh2 Rxb1 45. Re4 Rd1
46. Re7 Kb3 47. Rxb7 Kxa3 48. b5 cxb5 49. Rxa7+ Kb3 50. Ra6 Rd3 51. Rxh6 {
Unable to read scoresheet.} 0-1

[Event "4NCL Division 3 North"]
[Site "Bolton, ENG"]
[Date "2022.02.13"]
[Round "4.46"]
[White "Connor, Michael I"]
[Black "Lamb, Ian"]
[Result "0-1"]
[WhiteElo "1588"]
[BlackElo "1675"]
[PlyCount "72"]
[EventDate "2022.02.13"]
[WhiteTeam "Bradford DCA Knights B"]
[BlackTeam "Bolton"]

1. d4 d5 2. c4 e6 3. g3 Nf6 4. Bg2 Be7 5. Nf3 O-O 6. O-O c5 7. Qc2 Qb6 8. Rd1
Nc6 9. e3 cxd4 10. Nxd4 Nxd4 11. Rxd4 Bc5 12. Rh4 d4 13. exd4 Bxd4 14. Nc3 Bd7
15. Bg5 h6 16. Bxf6 Bxf6 17. Rh5 Bc6 18. c5 Qc7 19. Ne4 Be7 20. Rc1 Rad8 21. h4
Rd4 22. Ng5 Bxg5 23. hxg5 Bxg2 24. Kxg2 Rd5 25. Qe2 Rfd8 26. Rc2 Qc6 27. Kh2
Rd1 28. f3 Qd5 29. g4 Rd2 30. Rxd2 Qxd2 31. Qxd2 Rxd2+ 32. Kg3 hxg5 33. Rxg5
Rxb2 34. a4 Ra2 35. a5 Rxa5 36. c6 Rxg5 0-1